| 000 | 03092cam a22007935i 4500 | ||
|---|---|---|---|
| 001 | 9133 | ||
| 003 | FISKH | ||
| 005 | 20251124144637.0 | ||
| 008 | 230415t20222022onca b 000 1 eng | ||
| 010 | _a 2022465983 | ||
| 015 |
_a20220170878 _2can |
||
| 015 |
_aGBC2D6422 _2bnb |
||
| 016 | 7 |
_a020701356 _2Uk |
|
| 020 |
_a9781773216553 _q(hardcover) |
||
| 020 | _a9780920236918 | ||
| 020 |
_a1773216554 _q(hardcover) |
||
| 020 |
_a9781773216454 _q(softcover) |
||
| 020 |
_a1773216457 _q(softcover) |
||
| 020 |
_a9781668876992 _qFollett bdg |
||
| 020 |
_a166887699X _qFollett bdg |
||
| 035 | _a23068365 | ||
| 035 | _a(OCoLC)1292731711 | ||
| 040 |
_aNLC _beng _cYDX _dDLC |
||
| 055 | _aPZ7.M86 | ||
| 082 | _a 813.54 | ||
| 100 | 1 |
_aMunsch, Robert N., _d1945- _eauthor. |
|
| 245 | 1 | 0 |
_a50 below zero / _cstory by Robert Munsch ; art by Michael Martchenko. |
| 260 |
_aToronto _bBerkeley, _c2022. |
||
| 300 |
_a22 unnumbered pages : _bcolor illustrations ; _c21 cm |
||
| 490 | 1 | _aMunsch early readers | |
| 500 | _a"Reading level 3: reading by myself"--Cover. | ||
| 500 | _a"The Classic Munsch stories you love, now abridged for early readers!"--Page 4 of cover. | ||
| 500 | _aOriginally published in 1986. | ||
| 505 | _aJ | ||
| 520 |
_a"Jason's dad walks in his sleep. Where will Jason find him next?"-- _cPage 4 of cover. |
||
| 521 | 8 |
_a470
_bLexile AD |
|
| 521 | 8 |
_aJ
_bRaz-Plus |
|
| 526 | 8 |
_aLexile _c380L. |
|
| 530 | _aIssued also in electronic formats. | ||
| 650 | 0 |
_aSleepwalking _vJuvenile fiction. |
|
| 650 | 0 |
_aFathers _vJuvenile fiction. |
|
| 650 | 0 |
_aFathers and sons _vJuvenile fiction. |
|
| 650 | 0 |
_aCold _vJuvenile fiction. |
|
| 650 | 0 |
_aLow temperatures _vJuvenile fiction. |
|
| 650 | 0 | _aReaders (Primary) | |
| 650 | 1 |
_aSleepwalking _vFiction. |
|
| 650 | 6 |
_aAnglais (Langue) _vLectures et morceaux choisis (Enseignement primaire) |
|
| 650 | 7 |
_aJUVENILE FICTION / Bedtime & Dreams. _2bisacsh |
|
| 650 | 7 |
_aSleepwalking. _2fast _0(OCoLC)fst01120876 |
|
| 650 | 7 |
_aReaders (Primary) _2fast _0(OCoLC)fst01090606 |
|
| 650 | 7 |
_aSleep _vFiction. _2sears |
|
| 655 | 0 | _aReaders (Elementary) | |
| 655 | 0 | _aChildren's stories. | |
| 655 | 7 |
_areaders. _2aat |
|
| 655 | 7 |
_aReaders (Elementary) _2fast _0(OCoLC)fst01726483 |
|
| 655 | 7 |
_aJuvenile works. _2fast _0(OCoLC)fst01411637 |
|
| 655 | 7 |
_aFiction. _2fast _0(OCoLC)fst01423787 |
|
| 655 | 7 |
_aReaders (Publications) _2fast _0(OCoLC)fst01919959 |
|
| 655 | 7 |
_aReaders (Publications) _2lcgft |
|
| 655 | 7 |
_aLectures et morceaux choisis. _2rvmgf |
|
| 655 | 7 |
_aFiction. _2lcgft _0https://id.loc.gov/authorities/genreForms/gf2014026339 |
|
| 655 | 7 |
_aFiction. _2lcgft _0https://id.loc.gov/authorities/genreForms/gf2014026339 |
|
| 700 | 1 |
_aMartchenko, Michael, _eillustrator. |
|
| 776 | 0 | 8 |
_iOnline version: _aMunsch, Robert N., 1945- _t50 below zero. _dToronto ; Berkeley : Annick Press, 2022 _z1773216694 _z9781773216690 _w(OCoLC)1296594722 |
| 800 | 1 |
_aMunsch, Robert N., _d1945- _tMunsch early readers. |
|
| 906 |
_a0 _bibc _ccopycat _d2 _encip _f20 _gy-gencatlg |
||
| 942 |
_2ddc _cBK _n0 |
||
| 999 |
_c9133 _d9133 |
||